000 00489nam a2200181Ia 4500
005 20250508151300.0
008 008 250505s9999 xx 000 0 eng d
037 _aTextual
040 _aFEDL
_beng
_cFEDL
041 _aeng
_2eng
084 _a371.922, BIN
_qFEDL
100 _aBinet Alfred
_9758769
245 0 _aMentally defective children
260 _aLondon, UK
_bEdward Arnold
300 _axi,168p.
942 _cTEXL
_h371.922, BIN
999 _c1328820
_d1328820